000 00411nab a2200145Ia 4500
003 ES-SlBCS
005 20210601145153.0
008 140529s1926 xxu||||| |||| 00| 0 spa d
041 _aspa
100 1 _aJarnes, Benjamín
_936775
245 0 0 _aFlorinda y Rodrigo
_c Benjamín Jarnes
650 0 4 _aLeyendas
_986281
773 0 _tRevista de Occidente
_gvol. 11, nº. 33, 1926, págs. 404-409
_wRev399
942 _cAR
999 _c720470
_d720470